Statistics for "Stan" Countries - Map Quiz

Click here to take the quiz!

General Stats

  • This quiz has been taken 6,743 times
  • The average score is 6 of 7

Answer Stats

Answer % Correct
Kazakhstan
91%
Pakistan
88%
Afghanistan
84%
Tajikistan
77%
Kyrgyzstan
74%
Turkmenistan
72%
Uzbekistan
72%

Score Distribution

Percentile by Number Answered

Percent of People with Each Score

Your Score History

You have not taken this quiz